<?xml version="1.0" encoding="UTF-8"?><?xml-stylesheet type="text/xsl" href="static/style.xsl"?><OAI-PMH xmlns="http://www.openarchives.org/OAI/2.0/" xmlns:xsi="http://www.w3.org/2001/XMLSchema-instance" xsi:schemaLocation="http://www.openarchives.org/OAI/2.0/ http://www.openarchives.org/OAI/2.0/OAI-PMH.xsd"><responseDate>2026-04-17T02:18:28Z</responseDate><request verb="GetRecord" identifier="oai:www.recercat.cat:2072/420531" metadataPrefix="marc">https://recercat.cat/oai/request</request><GetRecord><record><header><identifier>oai:recercat.cat:2072/420531</identifier><datestamp>2026-02-19T20:28:02Z</datestamp><setSpec>com_2072_98</setSpec><setSpec>col_2072_378196</setSpec></header><metadata><record xmlns="http://www.loc.gov/MARC21/slim" xmlns:dcterms="http://purl.org/dc/terms/" xmlns:xsi="http://www.w3.org/2001/XMLSchema-instance" xmlns:doc="http://www.lyncode.com/xoai" xsi:schemaLocation="http://www.loc.gov/MARC21/slim http://www.loc.gov/standards/marcxml/schema/MARC21slim.xsd">
   <leader>00925njm 22002777a 4500</leader>
   <datafield ind2=" " ind1=" " tag="042">
      <subfield code="a">dc</subfield>
   </datafield>
   <datafield ind2=" " ind1=" " tag="720">
      <subfield code="a">Martínez Carnovale, Lucía Inés</subfield>
      <subfield code="e">author</subfield>
   </datafield>
   <datafield ind2=" " ind1=" " tag="720">
      <subfield code="a">Universitat Autònoma de Barcelona. Departament de Cirurgia</subfield>
      <subfield code="e">author</subfield>
   </datafield>
   <datafield ind2=" " ind1=" " tag="720">
      <subfield code="a">Universitat Autònoma de Barcelona. Facultat de Medicina</subfield>
      <subfield code="e">author</subfield>
   </datafield>
   <datafield ind2=" " ind1=" " tag="260">
      <subfield code="c">2011</subfield>
   </datafield>
   <datafield ind2=" " ind1=" " tag="520">
      <subfield code="a">La malaltia renal crònica terminal, el tractament substitutiu d'elecció és el trasplantament renal, és un problema de salut pública mundial en augment. L'envelliment de la població i la major prevalença de diabetis i hipertensió arterial en aquests pacients, s'associa a una major incidència de malaltia aorto-ilíaca i possible fracàs del ronyó trasplantat. En aquest treball es va analitzar l'evolució del filtrat glomerular en pacients trasplantats renals amb patologia aorto-ilíaca que van requerir cirurgia arterial prèvia o simultània al trasplantament renal, comparada amb un grup control sense patologia aorto-ilíaca. No es van trobar diferències estadísticament significatives entre ambdós grups.</subfield>
   </datafield>
   <datafield ind2=" " ind1=" " tag="520">
      <subfield code="a">La enfermedad renal crónica terminal, cuyo tratamiento sustitutivo de elección es el trasplante renal, es un problema de salud pública mundial en aumento. El envejecimiento de la población y la mayor prevalencia de diabetes e hipertensión arterial en estos pacientes, se asocia a una mayor incidencia de enfermedad aorto-ilíaca y posible fracaso del riñón trasplantado. En este trabajo se analizó la evolución del filtrado glomerular en pacientes trasplantados renales con patología aorto-ilíaca que requirieron cirugía arterial previa o simultánea al trasplante renal, comparada con un grupo control sin patología aorto-ilíaca. No se hallaron diferencias estadísticamente significativas entre ambos grupos.</subfield>
   </datafield>
   <datafield tag="653" ind2=" " ind1=" ">
      <subfield code="a">Ronyons Trasplantació</subfield>
   </datafield>
   <datafield tag="653" ind2=" " ind1=" ">
      <subfield code="a">Aorta Cirurgia</subfield>
   </datafield>
   <datafield ind2="0" ind1="0" tag="245">
      <subfield code="a">Importancia de la cirugía aorto-ilíaca previa o simultánea en la evolución del trasplante renal</subfield>
   </datafield>
</record></metadata></record></GetRecord></OAI-PMH>